[Event "Russian Cup Final w KO"]
[Site "Magnitogorsk RUS"]
[Date "2011.11.13"]
[Round "1.1"]
[White "Eidelson, Rakhil"]
[Black "Charochkina, Daria"]
[Result "1-0"]
[WhiteTitle "WGM"]
[BlackTitle "WIM"]
[WhiteElo "2254"]
[BlackElo "2366"]
[WhiteFideId "13500210"]
[BlackFideId "4180917"]
[EventDate "2011.11.13"]

1. e4 c5 2. Nc3 Nc6 3. g3 g6 4. Bg2 Bg7 5. d3 d6 6. f4 e6 7. Nf3 Nge7 8. Be3 O-O
9. O-O Bd7 10. d4 cxd4 11. Nxd4 Na5 12. Qd3 Rc8 13. f5 exf5 14. exf5 Bxd4 15.
Bxd4 Bxf5 16. Ne4 Bxe4 17. Qxe4 Re8 18. Rxf7 1-0

[Event "Russian Cup Final w KO"]
[Site "Magnitogorsk RUS"]
[Date "2011.11.13"]
[Round "1.1"]
[White "Mirzoeva, Elmira"]
[Black "Bodnaruk, Anastasia"]
[Result "1/2-1/2"]
[WhiteTitle "WGM"]
[BlackTitle "IM"]
[WhiteElo "2244"]
[BlackElo "2417"]
[WhiteFideId "4127951"]
[BlackFideId "4181751"]
[EventDate "2011.11.13"]

1. d4 Nf6 2. c4 g6 3. Nc3 Bg7 4. e4 d6 5. Nf3 O-O 6. Be2 e5 7. Be3 Ng4 8. Bg5 f6
9. Bh4 Nc6 10. d5 Ne7 11. Nd2 f5 12. h3 Nf6 13. g4 h6 14. f3 fxg4 15. hxg4 g5
16. Bf2 c5 17. Nf1 Ng6 18. Ng3 Nf4 19. Rh2 Re8 20. Qc2 a6 21. Nd1 Kf7 22. Ne3
Ng8 23. O-O-O Ne7 24. Nef5 Bxf5 25. exf5 Ng8 26. Ne4 Nf6 27. Rdh1 Rh8 28. Be3 b5
29. Kb1 Rb8 30. Ka1 Qd7 31. b3 b4 32. Bd1 a5 33. Kb1 Rbd8 34. Bc1 Rde8 35. Nxf6
Kxf6 36. Qe4 Qd8 37. Bc2 Kf7 38. Bd2 Qf6 39. Kc1 Re7 40. Kd1 Ree8 41. Kc1 1/2-1/2

[Event "Russian Cup Final w KO"]
[Site "Magnitogorsk RUS"]
[Date "2011.11.13"]
[Round "1.1"]
[White "Romanko, Marina"]
[Black "Saulina, Varvara"]
[Result "0-1"]
[WhiteTitle "IM"]
[BlackTitle "WFM"]
[WhiteElo "2404"]
[BlackElo "2253"]
[WhiteFideId "4149351"]
[BlackFideId "4194950"]
[EventDate "2011.11.13"]

1. d4 Nf6 2. c4 g6 3. Nf3 Bg7 4. g3 d5 5. cxd5 Nxd5 6. Bg2 O-O 7. O-O Nc6 8. Nc3
Nb6 9. e3 a5 10. Re1 a4 11. Rb1 Ra5 12. b4 axb3 13. axb3 Bf5 14. b4 Ra8 15. e4
Bg4 16. e5 Bxf3 17. Bxf3 Nxd4 18. Bxb7 Ra7 19. Bg2 f6 20. exf6 Rxf6 21. Nb5 Ra2
22. Bb2 Rxf2 23. Kxf2 Nc4 24. Kg1 Nxb2 25. Qg4 Nd3 26. Qe4 c6 27. Nc3 Rd2 28.
Rf1 Nf5 29. Ne2 h5 30. Bf3 Qb6+ 31. Kg2 Ne3+ 32. Kh1 Nxf1 33. Qe6+ Kh7 34. Rxf1
Ne5 35. Qxe7 Qe3 36. Qe6 Rxe2 37. Bxe2 Qxe2 38. Rf4 Qe1+ 39. Kg2 Qd2+ 40. Kh3
Nd3 41. Rf7 Nf2+ 42. Rxf2 Qxf2 43. Qxc6 Qf1+ 44. Qg2 Qf5+ 45. g4 Qd3+ 46. Qg3
hxg4+ 47. Kg2 Qe2+ 48. Qf2 Qe4+ 49. Kf1 Qxb4 0-1

[Event "Russian Cup Final w KO"]
[Site "Magnitogorsk RUS"]
[Date "2011.11.13"]
[Round "1.1"]
[White "Stepovaia, Tatiana"]
[Black "Doluhanova, Evgeniya"]
[Result "1/2-1/2"]
[WhiteTitle "WGM"]
[BlackTitle "WGM"]
[WhiteElo "2353"]
[BlackElo "2276"]
[WhiteFideId "4106970"]
[BlackFideId "14112035"]
[EventDate "2011.11.13"]

1. e4 c5 2. Nf3 d6 3. d4 cxd4 4. Nxd4 Nf6 5. Nc3 a6 6. Be3 e5 7. Nf3 Be7 8. Bc4
O-O 9. O-O Nc6 10. Bg5 Be6 11. Bb3 Nd7 12. Bxe7 Qxe7 13. Nd5 Qd8 14. Qe2 Rc8 15.
h3 Ne7 16. Rfd1 Bxd5 17. Bxd5 Nxd5 18. Rxd5 Qb6 19. c3 Nf6 20. Rd2 Qc6 21. Re1
Rfe8 22. Nh4 g6 23. Qf3 Re6 24. g3 Qc4 25. a3 Qa4 26. Qd3 Rc6 27. Ng2 b5 28. f3
Qa5 29. Ne3 Re8 30. Kg2 Kg7 31. Rf2 Qc7 32. Qd2 h6 33. h4 Qd8 34. Rd1 Qa8 35. g4
Rh8 36. Qd3 Nd7 37. Nd5 Nc5 38. Qe3 Qd8 39. Kg3 g5 40. h5 Ne6 41. Qa7 Qa8 42.
Qxa8 Rxa8 43. Ne7 Rb6 44. Nf5+ Kf6 45. Nxh6 a5 46. Nf5 b4 47. axb4 axb4 48. Rxd6
Rxd6 49. Nxd6 Rd8 50. Rd2 bxc3 51. bxc3 Rb8 52. Nf5 Rb3 53. Ne3 Kg7 54. Nd5 Nf4
55. Kf2 Ne6 56. Ke3 Nc5 57. Ra2 Rb1 58. Ne7 Re1+ 59. Kd2 Rf1 60. Nf5+ Kf6 61.
Ke2 Rc1 62. Ne3 Kg7 63. Nd5 Ne6 64. Ra7 Rc2+ 65. Ke3 Nf4 66. Nxf4 gxf4+ 67. Kd3
Rf2 68. g5 Rxf3+ 69. Kc4 Kf8 70. Kd5 Rxc3 71. Kxe5 f3 72. Ra2 Rc5+ 73. Kf4 f6
74. gxf6 Rxh5 75. e5 Kf7 76. Rf2 Ke6 77. Ra2 Rf5+ 78. Kg3 Kxe5 79. Ra5+ 1/2-1/2

[Event "Russian Cup Final w KO"]
[Site "Magnitogorsk RUS"]
[Date "2011.11.14"]
[Round "1.2"]
[White "Charochkina, Daria"]
[Black "Eidelson, Rakhil"]
[Result "1/2-1/2"]
[WhiteTitle "WIM"]
[BlackTitle "WGM"]
[WhiteElo "2366"]
[BlackElo "2254"]
[WhiteFideId "4180917"]
[BlackFideId "13500210"]
[EventDate "2011.11.13"]

1. c4 Nf6 2. Nc3 g6 3. d4 Bg7 4. e4 d6 5. f4 O-O 6. Nf3 c5 7. d5 b5 8. cxb5 a6
9. a4 e6 10. dxe6 Bxe6 11. e5 dxe5 12. Qxd8 Rxd8 13. fxe5 Nd5 14. Ne4 Nb4 15.
Bg5 Re8 16. Nd6 Rf8 17. Rc1 Nd7 18. Be7 Rfb8 19. Be2 Nxe5 20. Nxe5 Bxe5 21. Rxc5
Bxb2 22. Ne4 Bd4 23. Rc1 Nd5 24. Bc5 Bxc5 25. Nxc5 axb5 26. Bxb5 Ne3 27. Kf2
Ng4+ 28. Kg3 Bf5 29. Rhe1 Nf6 30. Re7 Nd5 31. Re5 Nf6 32. Re7 Nd5 33. Rb7 Rc8
34. Kf3 Rd8 35. Bc4 Bc8 36. Rb3 Nf6 37. Rb6 Nd7 38. Nxd7 Bxd7 39. Bb5 Bxb5 40.
axb5 Ra3+ 41. Kf4 Kg7 42. Rb7 Rd4+ 43. Ke5 Rad3 44. Rc5 Rd8 45. h3 R8d6 46. h4
Kf8 47. Rc4 R6d5+ 48. Ke4 Rd6 49. g4 h6 50. Ra7 Rb3 51. Rb7 Rbd3 52. Rb4 Rd1 53.
b6 Re6+ 54. Kf3 Rd3+ 55. Kf4 Ree3 56. Re4 g5+ 57. hxg5 hxg5+ 58. Ke5 Rxe4+ 59.
Kxe4 Rb3 60. Kf5 Kg7 61. Kxg5 Rb5+ 62. Kh4 Kf6 63. Rb8 Rb3 64. b7 Kg7 65. Kg5
Rb5+ 66. Kf4 Kf6 67. Ke4 Rb1 68. Kd5 Kg7 69. Ke5 Rb2 70. Kf5 Rb5+ 71. Kf4 Rb1
72. Kg5 Rb5+ 73. Kh4 Rb1 74. Kg3 Rb2 75. Kf3 Rb1 76. Ke4 Rb2 77. Kd5 Rb1 78. g5
Rb2 79. g6 fxg6 1/2-1/2

[Event "Russian Cup Final w KO"]
[Site "Magnitogorsk RUS"]
[Date "2011.11.14"]
[Round "1.2"]
[White "Bodnaruk, Anastasia"]
[Black "Mirzoeva, Elmira"]
[Result "1-0"]
[WhiteTitle "IM"]
[BlackTitle "WGM"]
[WhiteElo "2417"]
[BlackElo "2244"]
[WhiteFideId "4181751"]
[BlackFideId "4127951"]
[EventDate "2011.11.13"]

1. e4 c6 2. d4 d5 3. e5 Bf5 4. Nf3 e6 5. Be2 Ne7 6. O-O Bg6 7. Nh4 c5 8. c3 Nec6
9. Nxg6 hxg6 10. Be3 Nd7 11. b3 Rc8 12. a3 a6 13. Nd2 Be7 14. Nf3 O-O 15. Bd3 b5
16. g3 c4 17. bxc4 dxc4 18. Bb1 Re8 19. h4 Nf8 20. Nd2 a5 21. h5 b4 22. axb4
axb4 23. Ne4 bxc3 24. Nxc3 Bb4 25. Ne4 Qd5 26. Qg4 Nxe5 27. dxe5 Qxe5 28. Ra4
gxh5 29. Qe2 Qb5 30. Qc2 Ra8 31. Rxa8 Rxa8 32. Bd4 Qd5 33. Bxg7 Kxg7 34. Qb2+ e5
35. Qxb4 Ne6 36. Qe7 Ra1 37. Nd6 Qf3 38. Nf5+ Kg8 39. Qe8+ Nf8 40. Qxe5 Ne6 41.
Qxa1 c3 42. Qa4 Ng5 43. Qe8+ 1-0

[Event "Russian Cup Final w KO"]
[Site "Magnitogorsk RUS"]
[Date "2011.11.14"]
[Round "1.2"]
[White "Saulina, Varvara"]
[Black "Romanko, Marina"]
[Result "1-0"]
[WhiteTitle "WFM"]
[BlackTitle "IM"]
[WhiteElo "2253"]
[BlackElo "2404"]
[WhiteFideId "4194950"]
[BlackFideId "4149351"]
[EventDate "2011.11.13"]

1. Nf3 d5 2. c4 c6 3. g3 Nf6 4. Bg2 g6 5. O-O Bg7 6. d3 O-O 7. Bg5 Nbd7 8. cxd5
Nxd5 9. Qd2 Qb6 10. Nc3 Nxc3 11. bxc3 Re8 12. Rab1 Qc7 13. d4 Nb6 14. Bf4 Qd8
15. e4 Be6 16. Rfd1 Qc8 17. Bh6 Bg4 18. Qf4 Bxf3 19. Bxf3 e5 20. Qc1 Bxh6 21.
Qxh6 Qe6 22. d5 cxd5 23. exd5 Qd6 24. Rb4 f5 25. h4 Rac8 26. Qe3 e4 27. Be2 Rc5
28. h5 Rec8 29. hxg6 hxg6 30. Qd4 Rxc3 31. Kg2 Rc1 32. Rb1 Rxb1 33. Rxb1 Rc7 34.
Rd1 Re7 35. a4 a6 36. a5 Nd7 37. Rb1 Qe5 38. Qc4 Qd6 39. Rxb7 e3 40. f4 Kf7 41.
Qc6 1-0

[Event "Russian Cup Final w KO"]
[Site "Magnitogorsk RUS"]
[Date "2011.11.14"]
[Round "1.2"]
[White "Doluhanova, Evgeniya"]
[Black "Stepovaia, Tatiana"]
[Result "1/2-1/2"]
[WhiteTitle "WGM"]
[BlackTitle "WGM"]
[WhiteElo "2276"]
[BlackElo "2353"]
[WhiteFideId "14112035"]
[BlackFideId "4106970"]
[EventDate "2011.11.13"]

1. e4 c5 2. Nf3 d6 3. d4 cxd4 4. Nxd4 Nf6 5. Nc3 a6 6. f3 e5 7. Nb3 Be7 8. Be3
Be6 9. Qd2 Nc6 10. O-O-O O-O 11. g4 Na5 12. Nxa5 Qxa5 13. Kb1 Qc7 14. g5 Nh5 15.
Bd3 b5 16. h4 g6 17. f4 exf4 18. Bxf4 b4 19. Nd5 Bxd5 20. exd5 Rfe8 21. Be3 Bf8
22. Bd4 Qb7 23. Qf2 Bg7 24. Bxg7 Nxg7 25. h5 Qa7 26. Qf6 Qe7 27. hxg6 fxg6 28.
Bxg6 Qxf6 29. Bxh7+ Kf7 30. gxf6 Kxf6 31. Rh6+ Ke5 32. b3 Ra7 33. Bd3 a5 34. Rg6
Ree7 35. Rg5+ Kd4 36. Bc4+ Kc5 37. Bf1 Ne8 38. Rg4 Rac7 39. a3 bxa3 40. Ra4 Kb6
41. Rc4 Nf6 42. Ka2 Rc5 43. Rxc5 Kxc5 44. Bc4 Kb4 45. c3+ 1/2-1/2

[Event "Russian Cup Final w KO"]
[Site "Magnitogorsk RUS"]
[Date "2011.11.14"]
[Round "1.4"]
[White "Doluhanova, Evgeniya"]
[Black "Stepovaia, Tatiana"]
[Result "1/2-1/2"]
[WhiteTitle "WGM"]
[BlackTitle "WGM"]
[WhiteElo "2276"]
[BlackElo "2353"]
[WhiteFideId "14112035"]
[BlackFideId "4106970"]
[EventDate "2011.11.13"]

1. e4 e5 2. Nf3 Nf6 3. Nxe5 d6 4. Nf3 Nxe4 5. Nc3 Nxc3 6. dxc3 Be7 7. Be3 Nc6 8.
Qd2 Be6 9. Nd4 Nxd4 10. cxd4 d5 11. Bd3 Qd7 12. O-O O-O 13. Bg5 Bd6 14. Bf4 Rae8
15. Rfe1 c6 16. Bxd6 Qxd6 17. Re3 Bd7 18. Rae1 g6 19. Rxe8 Rxe8 20. Rxe8+ Bxe8
21. Qe3 Bd7 22. c3 Qe6 23. Qxe6 Bxe6 24. f4 Kg7 25. Kf2 h5 26. Ke3 Kf6 1/2-1/2

[Event "Russian Cup Final w KO"]
[Site "Magnitogorsk RUS"]
[Date "2011.11.14"]
[Round "1.5"]
[White "Stepovaia, Tatiana"]
[Black "Doluhanova, Evgeniya"]
[Result "0-1"]
[WhiteTitle "WGM"]
[BlackTitle "WGM"]
[WhiteElo "2353"]
[BlackElo "2276"]
[WhiteFideId "4106970"]
[BlackFideId "14112035"]
[EventDate "2011.11.13"]

1. e4 c5 2. d3 Nc6 3. f4 d5 4. Be2 dxe4 5. dxe4 Qxd1+ 6. Bxd1 e5 7. f5 Nf6 8.
Nd2 Bd6 9. Ngf3 Bc7 10. c3 g6 11. fxg6 hxg6 12. O-O Nh5 13. Bb3 f6 14. Nc4 b5
15. Ne3 c4 16. Bc2 Be6 17. a4 b4 18. Nd5 Bb6+ 19. Nxb6 axb6 20. Be3 b3 21. Bd1
Rb8 22. Be2 Ke7 23. Nh4 Bf7 24. Bxh5 Rxh5 25. g3 Rhh8 26. Rad1 Rhd8 27. Rxd8
Nxd8 28. Rd1 Ne6 29. Rd5 Nc7 30. Rd1 Ne6 31. Ng2 Ra8 32. Bxb6 Rxa4 33. Ne3 Ng5
34. Bc5+ Ke8 0-1

[Event "Russian Cup Final w KO"]
[Site "Magnitogorsk RUS"]
[Date "2011.11.15"]
[Round "2.1"]
[White "Bodnaruk, Anastasia"]
[Black "Doluhanova, Evgeniya"]
[Result "1/2-1/2"]
[WhiteTitle "IM"]
[BlackTitle "WGM"]
[WhiteElo "2417"]
[BlackElo "2276"]
[WhiteFideId "4181751"]
[BlackFideId "14112035"]
[EventDate "2011.11.13"]

1. e4 c5 2. Ne2 d6 3. d4 cxd4 4. Nxd4 Nf6 5. Nc3 a6 6. h3 e5 7. Nde2 h5 8. g3
Be6 9. Bg2 Nbd7 10. Be3 Rc8 11. O-O h4 12. g4 Be7 13. Nd5 Bxd5 14. exd5 O-O 15.
c3 Qc7 16. a4 Nh7 17. Qd2 Nc5 18. Qc2 Rce8 19. f4 exf4 20. Nxf4 Bf6 21. Rae1 Bg5
22. Re2 Nd7 23. Bd4 Rxe2 24. Qxe2 Ndf6 25. b4 Re8 26. Qd3 Qd7 27. b5 axb5 28.
axb5 Qe7 29. c4 Nd7 30. Qc3 Nhf6 31. Nd3 Be3+ 32. Kh2 Ne4 33. Bxe4 Qxe4 34. Bxg7
Ra8 35. Nb4 Bf4+ 36. Kg1 Be3+ 37. Kh2 Bf4+ 38. Kg1 Be3+ 39. Kh2 Bf4+ 1/2-1/2

[Event "Russian Cup Final w KO"]
[Site "Magnitogorsk RUS"]
[Date "2011.11.15"]
[Round "2.1"]
[White "Eidelson, Rakhil"]
[Black "Saulina, Varvara"]
[Result "0-1"]
[WhiteTitle "WGM"]
[BlackTitle "WFM"]
[WhiteElo "2254"]
[BlackElo "2253"]
[WhiteFideId "13500210"]
[BlackFideId "4194950"]
[EventDate "2011.11.13"]

1. d4 Nf6 2. Bg5 Ne4 3. Bh4 g5 4. f3 gxh4 5. fxe4 c5 6. e3 d6 7. Nc3 Nd7 8. Qh5
e6 9. Nf3 Be7 10. Bb5 cxd4 11. O-O O-O 12. exd4 f5 13. exf5 Rxf5 14. Qg4+ Kh8
15. Bd3 Nf6 16. Qxh4 Rh5 17. Qg3 Qb6 18. Ne2 Bd7 19. Nf4 Rg8 20. Qe1 Rh6 21. Kh1
Ng4 22. h3 Qd8 23. d5 e5 24. Ne6 Qb6 25. Qd2 Rh5 26. Rae1 Bxe6 27. dxe6 d5 28.
Nxe5 Nxe5 29. Rxe5 Rxe5 30. Qh6 Rg7 31. Bf5 Qb5 32. Bd3 Qe8 33. Qf4 Rxe6 34. Qd4
Bd6 35. Qxd5 Qc6 36. Qxc6 bxc6 37. Bf5 Re5 38. g4 Rge7 0-1

[Event "Russian Cup Final w KO"]
[Site "Magnitogorsk RUS"]
[Date "2011.11.16"]
[Round "2.2"]
[White "Doluhanova, Evgeniya"]
[Black "Bodnaruk, Anastasia"]
[Result "1/2-1/2"]
[WhiteTitle "WGM"]
[BlackTitle "IM"]
[WhiteElo "2276"]
[BlackElo "2417"]
[WhiteFideId "14112035"]
[BlackFideId "4181751"]
[EventDate "2011.11.13"]

1. e4 c5 2. Nf3 d6 3. d4 cxd4 4. Nxd4 Nf6 5. Nc3 a6 6. Be3 e5 7. Nf3 Qc7 8. a4
Be7 9. Be2 O-O 10. a5 Nbd7 11. O-O Nc5 12. Nd2 Be6 13. Bf3 h6 14. Nd5 Nxd5 15.
exd5 Bf5 16. b4 Nd7 17. c4 e4 18. Be2 Qd8 19. Rc1 Bg5 20. Qb3 Ne5 21. Bxg5 Qxg5
22. Qe3 Qg6 23. Qg3 Qf6 24. f3 Nd3 25. Bxd3 exd3 26. Qf4 Rae8 27. g4 Re2 28.
Rcd1 Qh4 29. Qg3 Qxg3+ 30. hxg3 Bg6 31. Rf2 Rfe8 32. Rxe2 Rxe2 33. c5 dxc5 34.
bxc5 Kf8 35. f4 f5 36. g5 Bh5 37. c6 bxc6 38. dxc6 Ke7 39. c7 Kd7 40. gxh6 gxh6
41. Nf3 Re3 42. Rxd3+ Rxd3 43. Ne5+ Kxc7 44. Nxd3 Kc6 45. Kf2 Kb5 46. Ke3 Kxa5
47. Kd4 Kb5 48. Nc5 a5 49. Nd7 Kb4 50. Kd3 Be8 51. Nf6 Bf7 52. Kc2 Kc4 53. g4
Kd4 54. gxf5 a4 55. Kb2 Bb3 56. Ka3 Kc5 57. Ne4+ Kc6 58. f6 Kd7 59. Ng5 Ke8 60.
Kb2 Kf8 61. Ka3 Ke8 62. Kb2 Kd7 63. Ka3 h5 64. Kb4 h4 65. Ka3 Kd8 66. Kb4 Kd7
67. Ka3 Ke8 1/2-1/2

[Event "Russian Cup Final w KO"]
[Site "Magnitogorsk RUS"]
[Date "2011.11.16"]
[Round "2.2"]
[White "Saulina, Varvara"]
[Black "Eidelson, Rakhil"]
[Result "1-0"]
[WhiteTitle "WFM"]
[BlackTitle "WGM"]
[WhiteElo "2253"]
[BlackElo "2254"]
[WhiteFideId "4194950"]
[BlackFideId "13500210"]
[EventDate "2011.11.13"]

1. d4 Nf6 2. c4 g6 3. Nf3 Bg7 4. g3 d6 5. Nc3 O-O 6. Bg2 Nbd7 7. O-O e5 8. e4 a6
9. h3 b5 10. Qc2 c6 11. Rd1 b4 12. Na4 Qe7 13. c5 d5 14. exd5 Nxd5 15. dxe5 Nxe5
16. Nd4 Rb8 17. f4 b3 18. axb3 Nb4 19. Qe2 Rd8 20. Kh1 Qc7 21. fxe5 Bxe5 22. Nf3
Rxd1+ 23. Qxd1 Bxg3 24. Bh6 Bf5 25. Qd4 f6 26. Rd1 Nd5 27. Nc3 Rb4 28. Qd2 Ne7
29. Qd8+ Qxd8 30. Rxd8+ Kf7 31. Nd4 g5 32. Nxf5 Nxf5 33. Bf8 Rxb3 34. Bxc6 Rxb2
35. Bd5+ Kg6 36. Rd7 Ne3 37. Rg7+ Kf5 38. Be4+ Ke5 39. Bd6+ Kd4 40. Bxg3 Kxc3
41. c6 Kd4 42. c7 Kxe4 43. Re7+ Kf3 44. Rxe3+ Kxe3 45. c8=Q Rb1+ 46. Kg2 Rb2+
47. Kf1 Rb1+ 48. Be1 Kf4 49. Qc7+ Ke3 50. Qc3+ 1-0

[Event "Russian Cup Final w KO"]
[Site "Magnitogorsk RUS"]
[Date "2011.11.16"]
[Round "2.3"]
[White "Bodnaruk, Anastasia"]
[Black "Doluhanova, Evgeniya"]
[Result "1/2-1/2"]
[WhiteTitle "IM"]
[BlackTitle "WGM"]
[WhiteElo "2417"]
[BlackElo "2276"]
[WhiteFideId "4181751"]
[BlackFideId "14112035"]
[EventDate "2011.11.13"]

1. e4 c5 2. Ne2 d6 3. g3 Nc6 4. Bg2 Nf6 5. O-O g6 6. c3 Bg7 7. d4 cxd4 8. cxd4
O-O 9. Nbc3 a6 10. f4 Qb6 11. Kh1 e5 12. fxe5 dxe5 13. d5 Nd4 14. Nxd4 exd4 15.
Na4 Qa5 16. b3 Ng4 17. Bd2 Qd8 18. Rc1 Bd7 19. Nc5 Rc8 20. h3 Ne3 21. Bxe3 dxe3
22. Qf3 Bb5 23. Rfe1 Bd4 24. b4 b6 25. Nb3 Rxc1 26. Rxc1 Bb2 27. Re1 e2 28. a4
Bxa4 29. Rxe2 Be5 30. Nc1 Bb5 31. Nd3 Bxd3 32. Qxd3 Qd6 33. Qxa6 Qxb4 34. Qd3
Ra8 35. d6 Ra1+ 36. Kh2 Qxd6 37. Qxd6 Bxd6 38. e5 Bc5 39. h4 Kg7 40. Bd5 Ra7 41.
Bc4 Re7 42. Re4 Rd7 43. Bb5 Rd4 44. Re2 Rb4 45. Bd7 Bd4 46. Kh3 Rb2 47. Re4 Bg1
48. g4 Rd2 49. Bc6 Rd4 50. Re2 Rd3+ 51. Kg2 Bc5 52. h5 gxh5 53. gxh5 Re3 54.
Rxe3 Bxe3 55. Kf3 Bc5 56. Kg4 h6 57. Kf5 Kf8 58. Kf6 Be7+ 59. Kf5 Bg5 60. Bb5
Ke7 61. Bc4 Be3 62. Bb5 Bd4 63. Bc4 Bc5 1/2-1/2

[Event "Russian Cup Final w KO"]
[Site "Magnitogorsk RUS"]
[Date "2011.11.16"]
[Round "2.4"]
[White "Doluhanova, Evgeniya"]
[Black "Bodnaruk, Anastasia"]
[Result "0-1"]
[WhiteTitle "WGM"]
[BlackTitle "IM"]
[WhiteElo "2276"]
[BlackElo "2417"]
[WhiteFideId "14112035"]
[BlackFideId "4181751"]
[EventDate "2011.11.13"]

1. e4 c5 2. Nf3 d6 3. d4 cxd4 4. Nxd4 Nf6 5. Nc3 a6 6. Be3 e5 7. Nf3 Qc7 8. a4
Be7 9. Be2 O-O 10. a5 Nbd7 11. O-O Nc5 12. Nd2 Be6 13. Bf3 Qc6 14. Qe2 h6 15.
Rfd1 Rac8 16. Rac1 Na4 17. Nxa4 Qxa4 18. c4 Qxa5 19. h3 b5 20. b3 bxc4 21. bxc4
Qc7 22. Qd3 Nd7 23. Qa3 Nb8 24. Qb2 Nc6 25. Ra1 Rb8 26. Qc3 a5 27. Ra4 Rb4 28.
Rda1 Rfb8 29. Be2 Bg5 30. c5 Nd4 31. Bf1 Qxc5 32. Qxc5 dxc5 33. Rxa5 Nc2 34.
Bxg5 Nxa1 35. Be7 Nb3 36. Nxb3 Rxb3 37. Kh2 Rb1 38. Bd3 Rd1 39. Ba6 Ra8 0-1

[Event "Russian Cup Final w KO"]
[Site "Magnitogorsk RUS"]
[Date "2011.11.17"]
[Round "3.1"]
[White "Saulina, Varvara"]
[Black "Bodnaruk, Anastasia"]
[Result "0-1"]
[WhiteTitle "WFM"]
[BlackTitle "IM"]
[WhiteElo "2253"]
[BlackElo "2417"]
[WhiteFideId "4194950"]
[BlackFideId "4181751"]
[EventDate "2011.11.13"]

1. e4 c5 2. Nf3 d6 3. d4 Nf6 4. Nc3 cxd4 5. Nxd4 a6 6. Be3 Ng4 7. Bc1 Nf6 8. Be3
Ng4 9. Bc1 Nf6 10. Be3 Ng4 11. Bc1 Nf6 12. f3 e5 13. Nb3 Be6 14. Be3 Nbd7 15.
Be2 Be7 16. a4 Nb6 17. O-O O-O 18. Rf2 Rc8 19. a5 Nc4 20. Bxc4 Rxc4 21. Rd2 Qc8
22. Nc1 Rxc3 23. bxc3 Qxc3 24. Nd3 d5 25. exd5 Nxd5 26. Bf2 f5 27. Re2 Bf6 28.
Nc5 Nf4 29. Re1 Rd8 30. Qc1 Bd5 31. Ra3 Qc4 32. Qb1 Ne2+ 33. Kh1 Nc3 34. Qb6 Nb5
35. Rd3 Rd6 36. Qxd6 Nxd6 37. Red1 Bc6 38. Rxd6 Be7 39. Ne6 Bxd6 40. Rxd6 Qxc2
41. Bg1 h6 42. h3 Bb5 43. Nc5 Kh7 44. Be3 f4 0-1

[Event "Russian Cup Final w KO"]
[Site "Magnitogorsk RUS"]
[Date "2011.11.18"]
[Round "3.2"]
[White "Bodnaruk, Anastasia"]
[Black "Saulina, Varvara"]
[Result "1-0"]
[WhiteTitle "IM"]
[BlackTitle "WFM"]
[WhiteElo "2417"]
[BlackElo "2253"]
[WhiteFideId "4181751"]
[BlackFideId "4194950"]
[EventDate "2011.11.13"]

1. e4 Nf6 2. e5 Nd5 3. d4 d6 4. Bc4 Nb6 5. Bb3 g6 6. f4 Bg7 7. Nf3 O-O 8. O-O
Bg4 9. c3 N8d7 10. h3 Bf5 11. g4 Bxb1 12. Rxb1 e6 13. Qe2 c5 14. f5 dxe5 15.
dxe5 c4 16. Bc2 exf5 17. gxf5 Re8 18. e6 fxe6 19. fxg6 h6 20. Nh2 Qh4 21. Qg4
Qe7 22. Rf7 Qc5+ 23. Kh1 Ne5 24. Qh5 Qd5+ 25. Kg1 Nd3 26. Rxg7+ Kxg7 27. Qxh6+
Kf6 28. Qh4+ Kxg6 29. Qh6+ Kf5 30. Qg5+ 1-0